[Event "EU-ch U10 27th"]
[Site "Mamaia"]
[Date "2017.09.13"]
[Round "8"]
[White "Khachatryan, Narek S"]
[Black "Milikow, Elie"]
[Result "1/2-1/2"]
[WhiteElo "1359"]
[BlackElo "1977"]
[PlyCount "162"]
[EventDate "2017.09.05"]
[EventType "swiss"]
[EventRounds "9"]
[EventCountry "ROU"]
[SourceTitle "CBM 180 Extra"]
[Source "ChessBase"]
[SourceDate "2017.10.06"]
[SourceVersion "1"]
[SourceVersionDate "2017.10.06"]
[SourceQuality "1"]

1. d4 Nf6 2. Nf3 g6 3. Bf4 Bg7 4. e3 0-0 5. h3 d6 6. c4 Nfd7 7. Nc3 Nc6 8. Be2 e5 9. Bh2 b6 10. 0-0 Bb7 11. a3 Ne7 12. b4 a6 13. Rc1 c5 14. bxc5 bxc5 15. dxe5 dxe5 16. Qc2 h6 17. Rfd1 Qc8 18. Na4 Ra7 19. Qb3 Nf5 20. Nb6 Nxb6 21. Qxb6 Bxf3 22. Bxf3 Rc7 23. Bd5 Kh8 24. Be4 Ne7 25. Rd6 f5 26. Bf3 e4 27. Be2 Rd7 28. Rcd1 Rfd8 29. Rxd7 Rxd7 30. Rxd7 Qxd7 31. Qd6 Qa7 32. Bd1 Kh7 33. Ba4 Qb7 34. Be5 Bxe5 35. Qxe5 Qa7 36. Qe6 Nc8 37. Be8 Qg7 38. Qxa6 Qa1+ 39. Kh2 Qe5+ 40. Kg1 Qxe8 41. a4 Ne7 42. Qb7 Kh8 43. a5 Qd8 44. a6 Qd1+ 45. Kh2 Qd6+ 46. Kg1 Nc6 47. a7 Nxa7 48. Qxa7 Kg8 49. Qa4 Kf7 50. Kf1 g5 51. Qc2 Kf6 52. Qc3+ Kg6 53. Ke2 h5 54. Qd2 Qe6 55. Qc3 f4 56. Qc2 Kf7 57. Qc1 Qf5 58. Qd1 f3+ 59. Kf1 g4 60. h4 fxg2+ 61. Kxg2 Ke6 62. Kg3 Qe5+ 63. Kg2 Qf5 64. Kg3 Kf7 65. Kg2 Ke7 66. Kg3 Ke6 67. Qe2 Qe5+ 68. Kg2 Qd6 69. Qb2 Qe5 70. Qxe5+ Kxe5 71. Kg3 Kf5 72. Kg2 Kf6 73. Kg3 Ke5 74. Kg2 Ke6 75. Kg3 Kf5 76. Kg2 Kg6 77. Kg3 Kf5 78. Kg2 Ke6 79. Kg3 Ke5 80. Kg2 Kd6 81. Kg3 Ke5 1/2-1/2